Billboard Hot 100 #1 Hits of 2021 - Statistics

General Stats
  • This quiz has been taken 25 times
  • The average score is 37 of 52
Answer Stats
Issue Date #1 Hit Artist % Correct
January 2 All I Want for Christmas Is You Mariah Carey
90%
December 25 All I Want for Christmas Is You Mariah Carey
90%
January 23 Drivers License Olivia Rodrigo
90%
January 30 Drivers License Olivia Rodrigo
90%
February 6 Drivers License Olivia Rodrigo
90%
February 13 Drivers License Olivia Rodrigo
90%
February 20 Drivers License Olivia Rodrigo
90%
February 27 Drivers License Olivia Rodrigo
90%
March 6 Drivers License Olivia Rodrigo
90%
March 13 Drivers License Olivia Rodrigo
90%
August 14 Stay The Kid Laroi & Justin Bieber
90%
August 21 Stay The Kid Laroi & Justin Bieber
90%
August 28 Stay The Kid Laroi & Justin Bieber
90%
September 4 Stay The Kid Laroi & Justin Bieber
90%
September 25 Stay The Kid Laroi & Justin Bieber
90%
October 2 Stay The Kid Laroi & Justin Bieber
90%
October 16 Stay The Kid Laroi & Justin Bieber
90%
May 29 Good 4 U Olivia Rodrigo
86%
June 5 Butter BTS
81%
June 12 Butter BTS
81%
June 19 Butter BTS
81%
June 26 Butter BTS
81%
July 3 Butter BTS
81%
July 10 Butter BTS
81%
July 17 Butter BTS
81%
July 31 Butter BTS
81%
August 7 Butter BTS
81%
September 11 Butter BTS
81%
October 30 Easy on Me Adele
76%
November 6 Easy on Me Adele
76%
November 13 Easy on Me Adele
76%
November 20 Easy on Me Adele
76%
December 4 Easy on Me Adele
76%
December 11 Easy on Me Adele
76%
December 18 Easy on Me Adele
76%
April 10 Montero (Call Me by Your Name) Lil Nas X
76%
May 8 Save Your Tears The Weeknd & Ariana Grande
67%
May 15 Save Your Tears The Weeknd & Ariana Grande
67%
October 23 Industry Baby Lil Nas X & Jack Harlow
57%
January 9 Mood 24kGoldn ft. Iann Dior
57%
January 16 Mood 24kGoldn ft. Iann Dior
57%
April 3 Peaches Justin Bieber ft. Daniel Caesar and Giveon
57%
April 17 Leave the Door Open Silk Sonic
52%
May 22 Leave the Door Open Silk Sonic
52%
March 27 Up Cardi B
43%
November 27 All Too Well (Taylor's Version) Taylor Swift
33%
October 9 My Universe Coldplay & BTS
33%
July 24 Permission to Dance BTS
19%
September 18 Way 2 Sexy Drake ft. Future and Young Thug
19%
April 24 Rapstar Polo G
14%
May 1 Rapstar Polo G
14%
March 20 What's Next Drake
10%
No matching quizzes found
Score Distribution
Percent of People with Each Score
Percentile by Number Answered
Your Score History
You have not taken this quiz